000 00330nam a2200133Ia 4500
008 240624s9999 xx 000 0 und d
041 _aeng
082 _a828 ANA
100 _aANANTHAMURTHY U R
245 _aHINDUTVA OR HIND SWARAJ
260 _c2016
_aNew York
_bHarper Perennial
300 _a122 : p. : cm. ; 20
365 _cRS
999 _c28525
_d28525